| 000 | 00572 a2200217 4500 | ||
|---|---|---|---|
| 005 | 20250111164251.0 | ||
| 008 | 250111b |||||||| |||| 00| 0 eng d | ||
| 020 |
_a9789390709113 _cRs. 650.00 |
||
| 040 | _aMAIN | ||
| 082 |
_a546 _bD26F(3) |
||
| 100 | _aDas, Asim K | ||
| 245 | _aFundamentals concepts of inorganic chemistry, V3A | ||
| 250 | _a3rd | ||
| 260 |
_bCBS Publishers and Distributors _c2023 _aNew Delhi |
||
| 300 | _axvii, 652 | ||
| 650 | _aChemistry | ||
| 650 | _aInorganic Chemistry | ||
| 700 | _aDas, Mahua | ||
| 700 | _aDas, Ankita | ||
| 942 | _cBK | ||
| 999 |
_c359514 _d359514 |
||